00467nam a2200145Ia 4500008004100000020001900041082001700060100001800077245004900095260003000144300001000174942001200184999001900196952010600215210430s9999 xx 000 0 und d a978-1860944154 a620.5 C253 N a Guozhong Cao aNanostructures &Nanomaterialsc Guozhong Cao amperial College Pr c2004 a448P. cBK2ddc c562735d562735 001040708NFICaSCMEbSCMEcGENd0000-00-00l0o620.5 C253 NpSCME-1616r2021-06-15w2021-04-30yBK